000 00507nam a2200193Ia 4500
005 20250326145202.0
008 250326s9999 xx 000 0 und d
037 _aTextbook
040 _aFMSL
_beng
_cFMSL
041 _aeng
_2eng
084 _aS:43:(P) P7
_qFMSL
100 _aMartin C B
245 0 _aMind in nature
_cMartin C B
260 _aNew Delhi
_bNew Delhi, Oxford
_c2007
365 _b2974.125
650 _aManagement
942 _cTB
_hS:43:(P) P7
999 _c1306675
_d1306675